000 01713nam a22003857a 4500
003 CHAP
005 20220329134838.0
008 971013s1969 r 10010 d
010 _a26851
011 _a27823
035 _a31924
040 _cCHAP
082 _a631.7
_bC68 1969
111 0 0 _aCongreso Internacional de Riego y Drenaje (
_n7
_d: 1969
_c: México, D. F.)
_926798
245 _aPonencias
260 _aNew Dalhi, India :
_bInternational Commission on Irriagation and Drainage,
_c1969
300 _a9 v. en 10 t.
_b: ilus.
590 _aBATCH-UPD
_b10
_c20130110
_lUCH01
_h1348
590 _aBATCH-UPD
_b10
_c20130410
_lUCH01
_h0845
590 _aBATCH-UPD
_b10
_c20130914
_lUCH01
_h1031
590 _aCONVERSION
_b10
_c20130109
_lUCH01
_h1315
700 0 _aIrrigación - Congresos.
_960511
901 _aBK
942 _cLIBRO
949 _a631.7 C68 1969
_bBC
_cLIBRO
_d33724000164919
_eLIBRO
_fv.8
_h12879
_i31924
_si
949 _a631.7 C68 1969
_bBC
_cLIBRO
_d33724000165023
_eLIBRO
_fv.9
_h12881
_i31924
_si
949 _a631.7 C68 1969
_bBC
_cLIBRO
_d33724000165031
_eLIBRO
_fv.6
_h12877
_i31924
_si
949 _a631.7 C68 1969
_bBC
_cLIBRO
_d33724000165049
_eLIBRO
_fv.7
_h12878
_i31924
_si
949 _a631.7 C68 1969
_bBC
_cLIBRO
_d33724000165056
_eLIBRO
_fv.4
_h12875
_i31924
_si
949 _a631.7 C68 1969
_bBC
_cLIBRO
_d33724000165064
_eLIBRO
_fv.5
_h12876
_i31924
_si
949 _a631.7 C68 1969
_bBC
_cLIBRO
_d33724000165072
_eLIBRO
_fv.3 Pt.1
_h12873
_i31924
_si
949 _a631.7 C68 1969
_bBC
_cLIBRO
_d33724000165080
_eLIBRO
_fv.3 Pt.2
_h12874
_i31924
_si
949 _a631.7 C68 1969
_bBC
_cLIBRO
_d33724000165098
_eLIBRO
_fv.1
_h12871
_i31924
_si
949 _a631.7 C68 1969
_bBC
_cLIBRO
_d33724000165106
_eLIBRO
_fv.2
_h12872
_i31924
_si
999 _c26851
_d26851